Kapitalismus a svoboda

Na minha lista:
Detalhes bibliográficos
Autor principal: Friedman, Milton
Outros Autores: Jonáš, Jiří
Formato: Livro
Idioma:tcheco
Publicado em: Jinočany H&H 1993
Edição:1. vyd.
Assuntos:
Tags: Adicionar Tag
Sem tags, seja o primeiro a adicionar uma tag!

MARC

LEADER 00000nam a2200000 4500
001 c011080
005 20221214083555.9
020 |a 80-85787-33-4 
041 0 |a cze 
044 |a CZ 
245 1 0 |a Kapitalismus a svoboda  |c Milton Friedman ; [Z angl. prel.] Jiří Jonáš 
250 |a 1. vyd. 
264 1 |a Jinočany  |b H&H  |c 1993 
300 |a 182 s. 
610 2 0 |a spoločnosť kapitalistická 
610 2 0 |a spoločnosť socialistická 
610 2 0 |a sloboda 
610 2 0 |a teórie ekonomické 
610 2 0 |a vláda 
610 2 0 |a peniaze 
610 2 0 |a financie medzinárodné 
610 2 0 |a systém menový medzinárodný 
610 2 0 |a kurz menový 
610 2 0 |a politika fiškálna 
610 2 0 |a vzdelávanie 
610 2 0 |a školstvo 
610 2 0 |a monopoly 
610 2 0 |a licencie 
610 2 0 |a príjmy rozpočtu štátneho 
610 2 0 |a blahobyt 
610 2 0 |a chudoba 
100 1 |a Friedman, Milton 
700 1 |a Jonáš, Jiří